| 000 | 00849nam a22002897a 4500 | ||
|---|---|---|---|
| 001 | 6585 | ||
| 003 | FISKH | ||
| 005 | 20250512160703.0 | ||
| 008 | 250512b cb ||||| |||| 00| 0 eng d | ||
| 020 | _a9780689817311 | ||
| 040 |
_aFISKH _beng _cFISKH _dFISKH |
||
| 050 | _aPZ7.C21476 H | ||
| 082 | _a813.54 | ||
| 100 |
_aCarle, Eric _d(1929–2021) |
||
| 245 |
_aHave you seen my cat? / _cEric Carle |
||
| 250 | _aThis edition first published in 1987 | ||
| 260 |
_aNew York : _bAladdin, _c1987 |
||
| 300 |
_a26 pages : _bcolor illustrations ; _c20 x 27 cm |
||
| 505 | _aG | ||
| 520 | _aA young boy encounters all sorts of cats while searching for the one he lost. | ||
| 521 | 8 |
_a350
_bLexile |
|
| 521 | 8 |
_aG
_bRaz-Plus |
|
| 650 |
_2Repetition _aTigers |
||
| 650 |
_2Picture book _aAnimals |
||
| 942 |
_2ddc _cBK _n0 |
||
| 999 |
_c6585 _d6585 |
||